[Event "Bogota El Tablazo op-A"]
[Site "Bogota"]
[Date "2022.06.23"]
[Round "1"]
[White "Barrientos Chavarriaga, Sergio E"]
[Black "Gutierrez Herrera, Jose Antonio"]
[Result "1-0"]
[WhiteElo "2468"]
[BlackElo "1992"]
[PlyCount "89"]
[EventDate "2022.06.23"]
[EventType "swiss"]
[EventRounds "10"]
[EventCountry "COL"]
[SourceTitle "EXT 2023"]
[Source "ChessBase"]
[SourceDate "2022.10.05"]
[SourceVersion "1"]
[SourceVersionDate "2022.10.05"]
[SourceQuality "1"]

1. e4 c5 2. Nf3 d6 3. d4 cxd4 4. Nxd4 Nf6 5. Nc3 a6 6. Bg5 e6 7. f4 Be7 8. Qf3 Nbd7 9. 0-0-0 Qc7 10. Bd3 b5 11. Rhe1 Bb7 12. Qg3 h6 13. Bxf6 Bxf6 14. Bxb5 Rd8 15. f5 0-0 16. fxe6 Be5 17. Qh3 axb5 18. Ndxb5 Qb6 19. e7 Nc5 20. exf8Q+ Rxf8 21. Qe3 Ba6 22. Nd4 Rb8 23. Nb3 Bc4 24. Kb1 Qa6 25. Rd4 Rb4 26. Red1 Ne6 27. Rd5 Bxd5 28. Nxd5 Ra4 29. a3 Qb7 30. Nb4 Ra8 31. g3 Rc8 32. Rd5 Qe7 33. Nd3 Bf6 34. Qb6 Rd8 35. h4 Nc7 36. Ra5 Ne8 37. Qc6 Qe6 38. Ra8 Rxa8 39. Qxa8 Kh7 40. a4 Nc7 41. Qc6 Qe7 42. a5 Ne6 43. a6 Nd4 44. Nxd4 Bxd4 45. Qd5 1-0

[Event "COL Subzt 2.3.4"]
[Site "Risarald"]
[Date "2021.11.25"]
[Round "5"]
[White "Morales Guerrero, Alfonso Javier"]
[Black "Gutierrez Herrera, Jose Antonio"]
[Result "0-1"]
[WhiteElo "1910"]
[BlackElo "2090"]
[PlyCount "96"]
[EventDate "2021.11.23"]
[EventType "swiss"]
[EventRounds "9"]
[EventCountry "COL"]
[SourceTitle "CBM 205 Extra"]
[Source "ChessBase"]
[SourceDate "2022.01.31"]
[SourceVersion "1"]
[SourceVersionDate "2022.01.31"]
[SourceQuality "1"]

1. e4 Nf6 2. e5 Nd5 3. c4 Nb6 4. d4 d6 5. exd6 exd6 6. Nf3 Be7 7. Be2 0-0 8. Qc2 Re8 9. Be3 N8d7 10. Nc3 Nf8 11. 0-0 c6 12. Rfd1 Bg4 13. a4 Bxf3 14. gxf3 d5 15. a5 Nxc4 16. Bxc4 dxc4 17. Qe2 Qd7 18. Qxc4 Qh3 19. f4 Bd6 20. Qf1 Qf5 21. d5 Bxf4 22. Bxf4 Qxf4 23. dxc6 bxc6 24. Qg2 Re6 25. Ra4 Qh6 26. Ne4 Rae8 27. Ng3 Re1+ 28. Rxe1 Rxe1+ 29. Nf1 Qc1 30. Rb4 Re6 31. b3 Qd1 32. Rg4 Ng6 33. h4 h5 34. Re4 Qxb3 35. Rxe6 Qxe6 36. Qg5 Qd5 37. Ng3 Qxg5 38. hxg5 Nf4 39. Nf5 c5 40. Ne7+ Kf8 41. Nc6 c4 42. Kf1 c3 43. Ke1 h4 44. Nd4 h3 45. Nf3 Nd3+ 46. Kd1 Nxf2+ 47. Kc2 Ne4 48. Kd3 Ke8 0-1

[Event "COL Subzt 2.3.4"]
[Site "Risarald"]
[Date "2021.11.24"]
[Round "2"]
[White "Gutierrez Herrera, Jose Antonio"]
[Black "Mesa Baez, Samuel"]
[Result "0-1"]
[WhiteElo "2090"]
[BlackElo "1855"]
[PlyCount "84"]
[EventDate "2021.11.23"]
[EventType "swiss"]
[EventRounds "9"]
[EventCountry "COL"]
[SourceTitle "CBM 205 Extra"]
[Source "ChessBase"]
[SourceDate "2022.01.31"]
[SourceVersion "1"]
[SourceVersionDate "2022.01.31"]
[SourceQuality "1"]

1. e4 c5 2. Nf3 d6 3. d4 cxd4 4. Nxd4 Nf6 5. Nc3 a6 6. Bc4 e6 7. Bb3 Nbd7 8. f4 Nc5 9. f5 Nfxe4 10. fxe6 Bxe6 11. Bxe6 Nxe6 12. 0-0 Nxc3 13. bxc3 Qd7 14. Qf3 d5 15. Nxe6 fxe6 16. Be3 Bd6 17. Bd4 0-0-0 18. Rae1 Rde8 19. Qh3 Rhg8 20. Be5 g5 21. Bxd6 Qxd6 22. Rf7 g4 23. Qe3 Re7 24. Rxe7 Qxe7 25. Qxe6+ Qxe6 26. Rxe6 Kd7 27. Rb6 Kc7 28. Rh6 Rg7 29. Kf2 Re7 30. Kg3 Re3+ 31. Kxg4 Rxc3 32. h4 Rxc2 33. g3 Rxa2 34. Kf4 b5 35. Rxh7+ Kc6 36. Rh8 Kc7 37. Re8 b4 38. g4 b3 39. Re3 Ra4+ 40. Kf3 b2 41. Rb3 Ra3 42. Rxa3 b1Q 0-1

[Event "COL Subzt 2.3.4"]
[Site "Risarald"]
[Date "2021.11.24"]
[Round "3"]
[White "Vanegas, Josue"]
[Black "Gutierrez Herrera, Jose Antonio"]
[Result "1/2-1/2"]
[WhiteElo "1754"]
[BlackElo "2090"]
[PlyCount "89"]
[EventDate "2021.11.23"]
[EventType "swiss"]
[EventRounds "9"]
[EventCountry "COL"]
[SourceTitle "CBM 205 Extra"]
[Source "ChessBase"]
[SourceDate "2022.01.31"]
[SourceVersion "1"]
[SourceVersionDate "2022.01.31"]
[SourceQuality "1"]

1. Nf3 Nf6 2. g3 b6 3. Bg2 Bb7 4. d3 g6 5. 0-0 Bg7 6. e4 d6 7. Nbd2 0-0 8. a4 c5 9. Nc4 Nc6 10. Bf4 d5 11. exd5 Nxd5 12. Nfe5 Nxe5 13. Bxe5 f6 14. Bf4 e5 15. Bd2 Qd7 16. Ne3 Nxe3 17. Bxe3 Bxg2 18. Kxg2 f5 19. Bd2 c4 20. Bc3 cxd3 21. Qxd3 Qxd3 22. cxd3 Rad8 23. Rfd1 Rd5 24. Kf3 Rfd8 25. Ke2 Kf7 26. f4 exf4 27. gxf4 Re8+ 28. Kf3 Bd4 29. Bxd4 Rxd4 30. b3 Rb4 31. Rab1 Re7 32. Rdc1 Rd4 33. Rc3 Red7 34. Rd1 g5 35. fxg5 Kg6 36. Ke3 f4+ 37. Ke2 Kxg5 38. Rc4 R4d6 39. Rg1+ Kf5 40. Rf1 Rd4 41. Rf3 h5 42. h3 Re7+ 43. Kf2 Red7 44. Ke2 Re7+ 45. Kf2 1/2-1/2

[Event "Bogota El Tablazo op"]
[Site "Bogota"]
[Date "2021.11.05"]
[Round "3"]
[White "Ballesteros Diaz, Jefree Daniel"]
[Black "Gutierrez Herrera, Jose Antonio"]
[Result "0-1"]
[WhiteElo "1685"]
[BlackElo "2090"]
[PlyCount "92"]
[EventDate "2021.11.04"]
[EventType "swiss"]
[EventRounds "7"]
[EventCountry "COL"]
[SourceTitle "CBM 205 Extra"]
[Source "ChessBase"]
[SourceDate "2022.01.31"]
[SourceVersion "1"]
[SourceVersionDate "2022.01.31"]
[SourceQuality "1"]

1. d4 d5 2. Nf3 Nf6 3. e3 c5 4. b3 cxd4 5. exd4 Nc6 6. Bb2 e6 7. Nbd2 Qa5 8. a3 Bd6 9. Bd3 0-0 10. 0-0 Qc7 11. Qe2 Bf4 12. Rae1 a5 13. c4 Bd7 14. g3 Bh6 15. Ne5 Bxd2 16. Qxd2 a4 17. b4 dxc4 18. Bxc4 Ne7 19. Rc1 Qd6 20. Bd3 Ned5 21. Rc2 Rfc8 22. Rfc1 Rxc2 23. Rxc2 Be8 24. Qc1 Qd8 25. Qd2 h6 26. Rc5 Nd7 27. Nxd7 Qxd7 28. Be4 b6 29. Bxd5 exd5 30. Rc3 Qg4 31. f3 Qh3 32. Qg2 Qe6 33. Qd2 Bb5 34. Re3 Qf5 35. Kg2 Rc8 36. Rc3 Re8 37. Rc2 Bd3 38. g4 Qg6 39. Rc6 Qxc6 40. Qxd3 Rc8 41. Kg3 Qc2 42. Qa6 Rf8 43. Ba1 Qc1 44. Qxa4 Qxa1 45. Qa6 Qg1+ 46. Kh3 Qxd4 0-1

[Event "Uniagraria AlphaZero op 2nd"]
[Site "Uniagraria"]
[Date "2019.11.08"]
[Round "1"]
[White "Gutierrez Herrera, Jose Antonio"]
[Black "Fierro, Hernando Alfonso"]
[Result "1-0"]
[WhiteElo "2088"]
[BlackElo "1600"]
[PlyCount "27"]
[EventDate "2019.11.08"]
[EventType "swiss"]
[EventRounds "7"]
[EventCountry "COL"]
[SourceTitle "CBM 193 Extra"]
[Source "ChessBase"]
[SourceDate "2020.01.31"]
[SourceVersion "1"]
[SourceVersionDate "2020.01.31"]
[SourceQuality "1"]

1. e4 e6 2. d3 d5 3. Nd2 Nf6 4. g3 dxe4 5. dxe4 Nc6 6. Bg2 e5 7. Ngf3 Bg4 8. h3 Bh5 9. 0-0 Qd7 10. c3 0-0-0 11. Qe2 g5 12. g4 Nxg4 13. hxg4 Qxg4 14. Qe3 1-0

[Event "Tunja Boyaca op"]
[Site "Tunja"]
[Date "2019.07.31"]
[Round "1"]
[White "Barrientos Chavarriaga, Sergio E"]
[Black "Gutierrez Herrera, Jose Antonio"]
[Result "1-0"]
[WhiteElo "2480"]
[BlackElo "2102"]
[PlyCount "75"]
[EventDate "2019.07.31"]
[EventType "swiss"]
[EventRounds "9"]
[EventCountry "COL"]
[SourceTitle "EXT 2020"]
[Source "ChessBase"]
[SourceDate "2019.10.17"]
[SourceVersion "1"]
[SourceVersionDate "2019.10.17"]
[SourceQuality "1"]

1. d4 Nf6 2. Nf3 g6 3. c4 Bg7 4. Nc3 0-0 5. e4 d6 6. h3 e5 7. d5 c5 8. Bg5 h6 9. Be3 Kh7 10. g4 Ng8 11. Bd3 Na6 12. Rg1 Bd7 13. h4 Nc7 14. Be2 a6 15. g5 h5 16. Nd2 Ne7 17. a4 b6 18. Nf1 Rh8 19. Ng3 Kg8 20. Qd2 Rb8 21. Bd3 Nc8 22. Nf5 b5 23. axb5 axb5 24. Nxg7 Kxg7 25. b3 bxc4 26. bxc4 Re8 27. f4 exf4 28. Bxf4 Qe7 29. Kf2 Kg8 30. Rae1 Qf8 31. e5 dxe5 32. Ne4 exf4 33. Nf6+ Kh8 34. Nxd7 Qg7 35. Rxe8+ Nxe8 36. Nxb8 Qd4+ 37. Kf1 Ned6 38. Nc6 1-0

[Event "Bogota Navidad op"]
[Site "Bogota"]
[Date "2016.12.09"]
[Round "5"]
[White "Gutierrez Herrera, Jose Antonio"]
[Black "Alvarez, Nelson"]
[Result "1-0"]
[WhiteElo "2177"]
[BlackElo "1793"]
[PlyCount "57"]
[EventDate "2016.12.07"]
[EventType "swiss"]
[EventRounds "9"]
[EventCountry "COL"]
[SourceTitle "CBM 176 Extra"]
[Source "ChessBase"]
[SourceDate "2017.03.02"]
[SourceVersion "1"]
[SourceVersionDate "2017.03.02"]
[SourceQuality "1"]

1. e4 d6 2. d4 Nf6 3. f3 g6 4. Be3 Bg7 5. Nc3 c6 6. Qd2 h6 7. Bd3 e5 8. d5 c5 9. Nge2 a6 10. a4 Qc7 11. Ng3 Nbd7 12. a5 b5 13. axb6 Nxb6 14. 0-0 g5 15. Na4 0-0 16. b3 Bd7 17. Nb2 Bb5 18. Nf5 Nh5 19. Bxg5 Bxd3 20. cxd3 f6 21. Bxh6 Bxh6 22. Qxh6 Nf4 23. g3 Ne2+ 24. Kh1 Rf7 25. Qg6+ Kf8 26. Nh6 Rh7 27. Qxf6+ Ke8 28. Qg6+ Kd8 29. Qg8+ 1-0

[Event "Villamaria op 2nd"]
[Site "Villamaria"]
[Date "2016.07.04"]
[Round "7"]
[White "Montoya, Duvan"]
[Black "Gutierrez Herrera, Jose Antonio"]
[Result "0-1"]
[WhiteElo "1975"]
[BlackElo "2189"]
[PlyCount "78"]
[EventDate "2016.07.02"]
[EventType "swiss"]
[EventRounds "7"]
[EventCountry "COL"]
[SourceTitle "CBM 173 Extra"]
[Source "ChessBase"]
[SourceDate "2016.08.29"]
[SourceVersion "1"]
[SourceVersionDate "2016.08.29"]
[SourceQuality "1"]

1. e4 c5 2. Nc3 Nc6 3. Bb5 Nd4 4. Bc4 e6 5. f4 d6 6. Nf3 Nf6 7. d3 Be7 8. Nxd4 cxd4 9. Ne2 e5 10. f5 d5 11. exd5 Bxf5 12. 0-0 Bg4 13. h3 Bh5 14. g4 Bg6 15. Bg5 a6 16. Bxf6 Bxf6 17. Ng3 0-0 18. Nf5 Bg5 19. a4 Bf4 20. Rxf4 exf4 21. Qf3 Bxf5 22. gxf5 Qg5+ 23. Qg4 Qxg4+ 24. hxg4 g5 25. Re1 Rfe8 26. Re4 Rxe4 27. dxe4 Kg7 28. Kg2 Kf6 29. Kf3 Ke5 30. Bd3 f6 31. b4 Rh8 32. a5 h5 33. gxh5 Rxh5 34. b5 axb5 35. Bxb5 Rh3+ 36. Kf2 Rh8 37. a6 bxa6 38. Bxa6 Rh2+ 39. Kf3 Rxc2 0-1

[Event "COL pre olympic sf"]
[Site "Bogota"]
[Date "2016.05.29"]
[Round "8"]
[White "Gutierrez Herrera, Jose Antonio"]
[Black "Valle, Efrain"]
[Result "1-0"]
[WhiteElo "2204"]
[BlackElo "2105"]
[PlyCount "81"]
[EventDate "2016.05.25"]
[EventType "swiss"]
[EventRounds "9"]
[EventCountry "COL"]
[SourceTitle "CBM 172 Extra"]
[Source "ChessBase"]
[SourceDate "2016.06.21"]
[SourceVersion "1"]
[SourceVersionDate "2016.06.21"]
[SourceQuality "1"]

1. e4 Nc6 2. Nf3 d6 3. d4 Nf6 4. Nc3 Bg4 5. Bb5 a6 6. Bxc6+ bxc6 7. h3 Bd7 8. e5 Nd5 9. Nxd5 cxd5 10. 0-0 e6 11. Bf4 dxe5 12. Bxe5 f6 13. Bg3 Rb8 14. b3 Bb4 15. c4 dxc4 16. bxc4 Bd6 17. Rb1 0-0 18. Qd3 Bc6 19. Rxb8 Qxb8 20. Re1 Bxg3 21. fxg3 Bxf3 22. Qxf3 Qb4 23. Qe2 Re8 24. Kh2 Qd6 25. Rd1 Rb8 26. Re1 Re8 27. Qe4 c5 28. d5 e5 29. Rb1 Rb8 30. Rxb8+ Qxb8 31. Qf5 Qd6 32. a4 g6 33. Qc8+ Kf7 34. Qb7+ Ke8 35. Qxh7 f5 36. Qh6 e4 37. Qe3 Kd7 38. h4 Kc7 39. Qf4 Kd7 40. Qxd6+ Kxd6 41. Kg1 1-0

[Event "COL pre olympic sf"]
[Site "Bogota"]
[Date "2016.05.27"]
[Round "5"]
[White "Laverde Uribe, Juan Gonzalo"]
[Black "Gutierrez Herrera, Jose Antonio"]
[Result "0-1"]
[WhiteElo "1919"]
[BlackElo "2204"]
[PlyCount "72"]
[EventDate "2016.05.25"]
[EventType "swiss"]
[EventRounds "9"]
[EventCountry "COL"]
[SourceTitle "CBM 172 Extra"]
[Source "ChessBase"]
[SourceDate "2016.06.21"]
[SourceVersion "1"]
[SourceVersionDate "2016.06.21"]
[SourceQuality "1"]

1. d4 Nf6 2. Nc3 g6 3. e4 d6 4. f3 Bg7 5. Be3 c6 6. Qd2 Nbd7 7. 0-0-0 Qa5 8. g4 a6 9. h4 h6 10. Bd3 b5 11. Kb1 c5 12. e5 dxe5 13. dxe5 Nxe5 14. Be4 Nxe4 15. fxe4 Be6 16. Nd5 Qxd2 17. Rxd2 Bxd5 18. Rxd5 e6 19. Rd1 Rc8 20. g5 Ng4 21. gxh6 Bxh6 22. Bxh6 Rxh6 23. Rd2 Ne5 24. Rg2 Ke7 25. Rh3 Rch8 26. Ra3 Rxh4 27. Rxa6 Rxe4 28. a4 Rxa4 29. Rxa4 bxa4 30. Ka2 Rb8 31. Ne2 Nc4 32. b3 axb3+ 33. cxb3 Ne5 34. Nc3 c4 35. b4 Rxb4 36. Re2 f6 0-1

[Event "COL-chT Cup"]
[Site "Bogota"]
[Date "2015.06.06"]
[Round "1.3"]
[White "Gutierrez Herrera, Jose Antonio"]
[Black "Pereira Vera, Henry Alberto"]
[Result "1-0"]
[WhiteElo "2205"]
[BlackElo "1941"]
[PlyCount "68"]
[EventDate "2015.06.06"]
[EventType "team-swiss"]
[EventRounds "6"]
[EventCountry "COL"]
[SourceTitle "CBM 166 Extra"]
[Source "ChessBase"]
[SourceDate "2015.06.18"]
[SourceVersion "1"]
[SourceVersionDate "2015.06.18"]
[SourceQuality "1"]
[WhiteTeam "Bogota Sicoopweb"]
[BlackTeam "Bogota Fraternarios"]
[WhiteTeamCountry "COL"]
[BlackTeamCountry "COL"]

1. e4 d5 2. exd5 Qxd5 3. Nc3 Qd6 4. d4 Nf6 5. Be2 g6 6. Nb5 Qd8 7. Bf4 Na6 8. c4 Bg7 9. Nf3 0-0 10. 0-0 Bg4 11. Nc3 c5 12. d5 Nh5 13. Be3 Qa5 14. h3 Bd7 15. Nd2 Nf6 16. Nb3 Qc7 17. Bf3 Rfe8 18. Re1 b6 19. Qd2 Rad8 20. Bf4 Qb7 21. Re3 e6 22. Rae1 Qc8 23. Nb5 Bxb5 24. cxb5 Nc7 25. d6 Ncd5 26. Rd3 c4 27. Rc1 Qd7 28. Rxc4 Qxb5 29. Rcd4 Nxf4 30. Rxf4 Bh6 31. Rb4 Qa6 32. Qd1 Qxa2 33. Bc6 Rf8 34. Nd4 Rxd6 1-0

[Event "Bogota Navidad op"]
[Site "Bogota"]
[Date "2014.12.08"]
[Round "8"]
[White "Gutierrez Herrera, Jose Antonio"]
[Black "Pena Morales, Hugo"]
[Result "1/2-1/2"]
[WhiteElo "2193"]
[BlackElo "2181"]
[PlyCount "103"]
[EventDate "2014.12.04"]
[EventType "swiss"]
[EventRounds "9"]
[EventCountry "COL"]
[SourceTitle "CBM 163 Extra"]
[Source "ChessBase"]
[SourceDate "2014.12.23"]
[SourceVersion "1"]
[SourceVersionDate "2014.12.23"]
[SourceQuality "1"]

1. e4 c5 2. Nf3 d6 3. d4 cxd4 4. Nxd4 Nf6 5. Nc3 g6 6. f4 a6 7. Nf3 Nc6 8. e5 dxe5 9. Qxd8+ Kxd8 10. fxe5 Ng4 11. Bf4 Be6 12. h3 Bh6 13. Bxh6 Nxh6 14. 0-0-0+ Kc7 15. g4 Rad8 16. Bg2 f6 17. exf6 exf6 18. Rxd8 Rxd8 19. Re1 Bd5 20. Nxd5+ Rxd5 21. c3 Nf7 22. Nd4 Re5 23. Rf1 Nxd4 24. cxd4 Re2 25. Rxf6 Ng5 26. Bd5 Rh2 27. b4 Rxh3 28. a4 Rd3 29. Rf4 Ra3 30. Kb2 Rxa4 31. Kb3 Ra1 32. Bg8 Rh1 33. Kc4 Rh4 34. Kd5 h5 35. Be6 Nxe6 36. Kxe6 Rxg4 37. Rf7+ Kb6 38. d5 Rxb4 39. d6 Rd4 40. Ke5 Rd2 41. Rc7 h4 42. Rc3 g5 43. Ke6 Re2+ 44. Kf7 Rd2 45. Ke7 g4 46. Rc4 Re2+ 47. Kf7 Kb5 48. Rd4 h3 49. d7 h2 50. d8Q h1Q 51. Qg5+ Kb6 52. Rb4+ 1/2-1/2

[Event "Bogota-ch sf"]
[Site "Bogota"]
[Date "2014.03.22"]
[Round "3"]
[White "Pena Duarte, Fabian Dario"]
[Black "Gutierrez Herrera, Jose Antonio"]
[Result "1-0"]
[WhiteElo "2138"]
[BlackElo "2167"]
[PlyCount "69"]
[EventDate "2014.03.21"]
[EventType "swiss"]
[EventRounds "7"]
[EventCountry "COL"]
[SourceTitle "CBM 159 Extra"]
[Source "ChessBase"]
[SourceDate "2014.04.24"]
[SourceVersion "1"]
[SourceVersionDate "2014.04.24"]
[SourceQuality "1"]

1. e4 Nf6 2. e5 Nd5 3. d4 d6 4. Nf3 Bg4 5. Be2 e6 6. exd6 Bxd6 7. c4 Nf6 8. Qb3 b6 9. Nc3 0-0 10. Be3 Nbd7 11. Rd1 c6 12. 0-0 Qc7 13. h3 Bh5 14. g4 Bg6 15. Nh4 Bf4 16. Bxf4 Qxf4 17. Bf3 Rac8 18. Ne2 Qh6 19. Nxg6 Qxg6 20. Ng3 Rc7 21. Rfe1 Rfc8 22. Qe3 h6 23. d5 cxd5 24. cxd5 Re8 25. dxe6 Rxe6 26. Qf4 Rxe1+ 27. Rxe1 Qc2 28. b3 Qc3 29. Re3 Qa1+ 30. Kg2 Rc1 31. Kh2 Rc2 32. Be4 Rxa2 33. Bd3 g5 34. Qf3 Ne5 35. Qxf6 1-0